Statistics for Famous Historical People - Picture Quiz

Click here to take the quiz!

General Stats

  • This quiz has been taken 779 times
  • The average score is 11 of 18

Answer Stats

Answer% Correct
Abraham Lincoln
98%
Albert Einstein
98%
Charles Darwin
88%
Isaac Newton
85%
Rosa Parks
84%
Leonardo da Vinci
81%
Benjamin Franklin
76%
Nikola Tesla
76%
John Lennon
70%
Socrates
70%
Mark Twain
65%
Mary Shelley
60%
Richard Wagner
39%
Aldous Huxley
25%
Antoni Gaudi
21%
Jean-Jacques Rousseau
17%
Zoroaster / Zarathustra
16%
Coretta Scott King
13%

Score Distribution

Percentile by Number Answered

Percent of People with Each Score

Your Score History

You have not taken this quiz